| 000 | 00752nam a22001577a 4500 | ||
|---|---|---|---|
| 003 | OSt | ||
| 005 | 20150915105013.0 | ||
| 008 | 150915b xxu||||| |||| 00| 0 eng d | ||
| 040 | _cRUA | ||
| 082 | _aAGR SAY 2001 B027 Or.1 | ||
| 100 |
_9499 _aSAY, TREUKPHALINE. |
||
| 245 | _aa study on the effect of pesticides on the health of begetable growers in svayproteal commune, saang district, dandal (ការសិក្សាពីឥទ្ធិពលថ្នាំកសិកម្ម លើសុខភាពកសិករដំាបន្លែនៅឃុំស្វាយប្រទាល ស្រុកស្អាង ខេត្តកណ្តាល) | ||
| 260 |
_aPhnom Penh _bRUA _c2001 |
||
| 300 |
_a40p. _bill. _c29cm. |
||
| 942 |
_2ddc _cAGR |
||
| 999 |
_c479 _d479 |
||